Normal view
MARC view
Entry Topical Term
001 - CONTROL NUMBER
- control field: 15943
003 - CONTROL NUMBER IDENTIFIER
- control field: HDC
005 - DATE AND TIME OF LATEST TRANSACTION
- control field: 20230624073453.0
008 - FIXED-LENGTH DATA ELEMENTS
- fixed length control field: 210220|| aca||aabn | a|a d
040 ## - CATALOGING SOURCE
- Original cataloging agency: HDC
- Transcribing agency: HDC
150 ## - HEADING--TOPICAL TERM
- Topical term or geographic name entry element: Kosher food product
670 ## - SOURCE DATA FOUND
- Source citation: Work cat.: (HDC): Houston, Eamonn, author 15942, Halal to follow kosher as mega food trend /, 2010
